Normal view
MARC view
- الاعلام - الاتصال الجماهيري - الاحوال السياسية -البلاد العربية
Entry Topical Term
001 - CONTROL NUMBER
- control field: 50252
003 - CONTROL NUMBER IDENTIFIER
- control field: JO-AjAnu
005 - DATE AND TIME OF LATEST TRANSACTION
- control field: 20230606082256.0
008 - FIXED-LENGTH DATA ELEMENTS
- fixed length control field: 230606|| aca||aabn | a|a d
040 ## - CATALOGING SOURCE
- Original cataloging agency: JO-AjAnu
- Transcribing agency: JO-AjAnu
150 ## - HEADING--TOPICAL TERM
- Topical term or geographic name entry element: الاعلام - الاتصال الجماهيري - الاحوال السياسية -البلاد العربية
670 ## - SOURCE DATA FOUND
- Source citation: Work cat.: (JO-AjAnu)25692: تاليف الموسى، عصام سليمان, author 50251, الإعلام العربي الرقمي والتحديات الراهنة